[Event "Angers op 16th"]
[Site "Angers"]
[Date "2023.05.19"]
[Round "1"]
[White "Bourgois, Bastien"]
[Black "Boyer, Mahel"]
[Result "0-1"]
[WhiteElo "2133"]
[BlackElo "2489"]
[PlyCount "88"]
[EventDate "2023.05.19"]
[EventType "swiss"]
[EventRounds "6"]
[EventCountry "FRA"]
[SourceTitle "CBM 214 Extra"]
[Source "ChessBase"]
[SourceDate "2023.07.31"]
[SourceVersion "1"]
[SourceVersionDate "2023.07.31"]
[SourceQuality "1"]

1. d4 d5 2. c4 e6 3. Nc3 h6 4. Nf3 Nf6 5. Bf4 Bd6 6. Bxd6 Qxd6 7. c5 Qe7 8. Ne5 Nc6 9. f4 Nxe5 10. fxe5 Ng4 11. Qd2 Qg5 12. h4 Qxd2+ 13. Kxd2 f6 14. exf6 gxf6 15. e3 Rg8 16. Be2 Bd7 17. Raf1 f5 18. Rhg1 Ke7 19. b4 Rg7 20. Bxg4 Rxg4 21. Rf4 Rg7 22. Rf2 Rag8 23. Ne2 Rg4 24. g3 Bb5 25. Rfg2 Bxe2 26. Kxe2 e5 27. Rf2 Ke6 28. Rgf1 Rf8 29. dxe5 Rxg3 30. a4 Kxe5 31. Rf4 Rg2+ 32. Kd3 c6 33. R1f3 h5 34. Rf1 Rf7 35. R1f3 Rg4 36. b5 Rg1 37. Kc2 Ra1 38. Rg3 cxb5 39. axb5 Ra5 40. c6 Rxb5 41. cxb7 Rc7+ 42. Kd3 Rb3+ 43. Kd2 Rb2+ 44. Kd3 Rcxb7 0-1

[Event "World Amateur-ch"]
[Site "Mellieha"]
[Date "2022.10.23"]
[Round "3"]
[White "Bouget, Alexandre"]
[Black "Bourgois, Bastien"]
[Result "1/2-1/2"]
[WhiteElo "2277"]
[BlackElo "2137"]
[PlyCount "44"]
[EventDate "2022.10.21"]
[EventType "swiss"]
[EventRounds "9"]
[EventCountry "MLT"]
[SourceTitle "EXT 2024"]
[Source "ChessBase"]
[SourceDate "2023.10.10"]
[SourceVersion "1"]
[SourceVersionDate "2023.10.10"]
[SourceQuality "1"]

1. d4 Nf6 2. c4 e6 3. Nc3 Bb4 4. Qc2 d5 5. a3 Bxc3+ 6. Qxc3 Ne4 7. Qc2 c5 8. dxc5 Nc6 9. e3 Qa5+ 10. Bd2 Nxd2 11. Qxd2 dxc4 12. Bxc4 Qxc5 13. Rc1 Qg5 14. f4 Qh4+ 15. Qf2 Qxf2+ 16. Kxf2 Ke7 17. Nf3 Bd7 18. Rhd1 Rhd8 19. h3 Be8 20. Be2 Rxd1 21. Rxd1 Rd8 22. g4 Rxd1 1/2-1/2

[Event "World Amateur-ch"]
[Site "Mellieha"]
[Date "2022.10.22"]
[Round "2"]
[White "Bourgois, Bastien"]
[Black "Eshbaev, Avazbek"]
[Result "1-0"]
[WhiteElo "2137"]
[BlackElo "2033"]
[PlyCount "83"]
[EventDate "2022.10.21"]
[EventType "swiss"]
[EventRounds "9"]
[EventCountry "MLT"]
[SourceTitle "EXT 2024"]
[Source "ChessBase"]
[SourceDate "2023.10.10"]
[SourceVersion "1"]
[SourceVersionDate "2023.10.10"]
[SourceQuality "1"]

1. d4 f5 2. Bf4 Nf6 3. e3 g6 4. h4 d6 5. h5 Rg8 6. hxg6 hxg6 7. Nf3 Be6 8. c4 c6 9. Ng5 Bf7 10. Nd2 Nbd7 11. Ndf3 Qa5+ 12. Qd2 Qxd2+ 13. Kxd2 Ne4+ 14. Nxe4 fxe4 15. Ng5 Nf6 16. Rh4 Rd8 17. Be2 e5 18. Bg3 exd4 19. exd4 d5 20. c5 Be7 21. Rh2 Nd7 22. Bf4 Bf6 23. Ke3 Rh8 24. Rxh8+ Bxh8 25. Rh1 Bg7 26. Rh7 Kf8 27. Nxf7 Kxf7 28. Bh6 Rg8 29. Kf4 Nf8 30. Rxg7+ Rxg7 31. Bxg7 Ne6+ 32. Ke5 Nxg7 33. Bg4 Ke7 34. b4 Ne8 35. Bc8 b5 36. cxb6 axb6 37. Bb7 Kd7 38. b5 c5 39. dxc5 bxc5 40. Bc6+ Ke7 41. Bxe8 c4 42. b6 1-0

[Event "World Amateur-ch"]
[Site "Mellieha"]
[Date "2022.10.21"]
[Round "1"]
[White "Favier, Alain"]
[Black "Bourgois, Bastien"]
[Result "0-1"]
[WhiteElo "1985"]
[BlackElo "2137"]
[PlyCount "88"]
[EventDate "2022.10.21"]
[EventType "swiss"]
[EventRounds "9"]
[EventCountry "MLT"]
[SourceTitle "EXT 2024"]
[Source "ChessBase"]
[SourceDate "2023.10.10"]
[SourceVersion "1"]
[SourceVersionDate "2023.10.10"]
[SourceQuality "1"]

1. d4 d5 2. c4 c6 3. Nf3 Nf6 4. Nc3 dxc4 5. a4 Bf5 6. Ne5 e6 7. f3 Bb4 8. e4 Bxe4 9. fxe4 Nxe4 10. Bd2 Qxd4 11. Nxe4 Qxe4+ 12. Qe2 Bxd2+ 13. Kxd2 Qd5+ 14. Kc2 Na6 15. Nxc4 b5 16. axb5 Nb4+ 17. Kb3 cxb5 18. Kxb4 bxc4 19. Qxc4 Rb8+ 20. Ka3 Qd6+ 21. Ka2 0-0 22. Rc1 Rb4 23. Qc3 g6 24. Be2 Rfb8 25. Rc2 Qd5+ 26. Kb1 Qxg2 27. Rf1 Qb7 28. Qf6 a5 29. Bf3 Qb5 30. Bc6 Qd3 31. Qxf7+ Kh8 32. Qf6+ Kg8 33. Qxe6+ Kg7 34. Rf7+ Kh6 35. Kc1 Rd8 36. Qe1 Rbd4 37. Kb1 R8d6 38. Qc1+ g5 39. Rf3 Qg6 40. Ka2 Rd1 41. Qe3 Qxc2 42. Rh3+ Kg7 43. Qxg5+ Qg6 44. Qe7+ Qf7+ 0-1

[Event "Cappelle op 38th"]
[Site "Cappelle la Grande"]
[Date "2022.02.14"]
[Round "3"]
[White "Bourgois, Bastien"]
[Black "Sochacki, Christophe"]
[Result "0-1"]
[WhiteElo "2147"]
[BlackElo "2485"]
[PlyCount "96"]
[EventDate "2022.02.12"]
[EventType "swiss"]
[EventRounds "9"]
[EventCountry "FRA"]
[SourceTitle "CBM 206 Extra"]
[Source "ChessBase"]
[SourceDate "2022.03.31"]
[SourceVersion "1"]
[SourceVersionDate "2022.03.31"]
[SourceQuality "1"]

1. d4 Nf6 2. c4 e6 3. Nc3 Bb4 4. Nf3 0-0 5. Bg5 c5 6. Rc1 h6 7. Bh4 cxd4 8. Nxd4 d5 9. cxd5 g5 10. Bg3 Qxd5 11. a3 Bxc3+ 12. bxc3 Ne4 13. e3 e5 14. Nb5 Qc5 15. Qf3 f5 16. Bd3 Nf6 17. 0-0 a6 18. Bxf5 axb5 19. Bxc8 Qxc8 20. Bxe5 Kg7 21. Rfd1 Nc6 22. Bd6 Rf7 23. Qe2 Qe6 24. Qxb5 Ne4 25. Bg3 Rxa3 26. Qd3 Ra2 27. Rc2 Rxc2 28. Qxc2 Qc4 29. f3 Nxg3 30. hxg3 Qc5 31. Qd2 Ne5 32. Rb1 Nc4 33. Qd4+ Qxd4 34. exd4 Rc7 35. Kf2 Nd6 36. Rb6 Rc6 37. Rb3 h5 38. Ke3 b5 39. Kd3 Ra6 40. Rb2 Kf6 41. Re2 Ra3 42. d5 Nf7 43. Re6+ Kf5 44. Rb6 Ne5+ 45. Ke2 Rb3 46. Rb7 Rb2+ 47. Kf1 Nc4 48. Re7 Rd2 0-1

[Event "Sautron op 15th"]
[Site "Sautron"]
[Date "2015.10.24"]
[Round "1.6"]
[White "Ider, Borya"]
[Black "Bourgois, Bastien"]
[Result "1-0"]
[WhiteElo "2464"]
[BlackElo "2035"]
[PlyCount "79"]
[EventDate "2015.10.24"]
[EventType "swiss"]
[EventRounds "9"]
[EventCountry "FRA"]
[SourceTitle "EXT 2019"]
[Source "ChessBase"]
[SourceDate "2018.10.10"]
[SourceVersion "1"]
[SourceVersionDate "2018.10.10"]
[SourceQuality "1"]

1. d4 d6 2. g3 f5 3. Bg2 Nf6 4. c3 g6 5. Nh3 Bg7 6. Qb3 d5 7. Nf4 c6 8. h4 e5 9. dxe5 Ng4 10. e6 Qb6 11. 0-0 Qxb3 12. axb3 Na6 13. c4 Nc5 14. cxd5 Nxb3 15. Ra2 cxd5 16. Bxd5 Nxc1 17. Rxc1 Be5 18. Nd3 Ke7 19. Nxe5 Nxe5 20. Bxb7 Bxb7 21. Rc7+ Kxe6 22. Rxb7 a5 23. Nd2 Kd6 24. Rb5 a4 25. Rb4 Rhb8 26. Rxb8 Rxb8 27. f4 Nc6 28. Rxa4 Kd5 29. b3 Nd4 30. Kf2 Nxb3 31. Nxb3 Rxb3 32. Ra7 Rb6 33. Rxh7 Re6 34. h5 gxh5 35. Rxh5 Ke4 36. Rh8 Re7 37. Ra8 Rf7 38. Ra4+ Kd5 39. Kf3 Rf8 40. e4+ 1-0

[Event "Rennes op 7th"]
[Site "Rennes"]
[Date "2014.07.08"]
[Round "5"]
[White "Bourgois, Bastien"]
[Black "Richard, Francois"]
[Result "1/2-1/2"]
[WhiteElo "2032"]
[BlackElo "1855"]
[PlyCount "109"]
[EventDate "2014.07.05"]
[EventType "swiss"]
[EventRounds "9"]
[EventCountry "FRA"]
[SourceTitle "CBM 161 Extra"]
[Source "ChessBase"]
[SourceDate "2014.08.29"]
[SourceVersion "1"]
[SourceVersionDate "2014.08.29"]
[SourceQuality "1"]

1. d4 d5 2. c4 e6 3. Nf3 c5 4. cxd5 exd5 5. g3 Nf6 6. Bg2 Be7 7. 0-0 Nc6 8. Nc3 0-0 9. dxc5 Bxc5 10. Na4 Bb4 11. a3 Be7 12. Be3 Bg4 13. Rc1 Re8 14. Nc5 Bxc5 15. Rxc5 Qe7 16. Rc2 h6 17. Nd4 Na5 18. Bd2 Nc4 19. Bb4 Qd7 20. b3 Ne5 21. Re1 a5 22. Bc5 Ra6 23. a4 Bh3 24. Bh1 Neg4 25. Nf3 Qf5 26. Qd3 Qxd3 27. exd3 Rxe1+ 28. Nxe1 Re6 29. Nf3 Ne5 30. Nxe5 Rxe5 31. Rc1 Re2 32. Bd4 Rd2 33. Bxf6 gxf6 34. Bxd5 Rxd3 35. Bxb7 Rxb3 36. Bc6 Rb4 37. f4 Be6 38. Rc5 Rc4 39. Rxc4 Bxc4 40. Kf2 Kg7 41. Ke3 Kg6 42. Kd4 Bb3 43. Bd7 Be6 44. Bxe6 fxe6 45. Ke4 Kh5 46. h3 Kg6 47. f5+ exf5+ 48. Kf4 h5 49. h4 Kg7 50. Kxf5 Kf7 51. Kf4 Ke6 52. g4 hxg4 53. Kxg4 Kf7 54. Kf5 Kg7 55. h5 1/2-1/2

[Event "Sautron op 13th"]
[Site "Sautron"]
[Date "2013.10.31"]
[Round "7"]
[White "Haub, Thorsten Michael"]
[Black "Bourgois, Bastien"]
[Result "1-0"]
[WhiteElo "2455"]
[BlackElo "2026"]
[PlyCount "57"]
[EventDate "2013.10.26"]
[EventType "swiss"]
[EventRounds "9"]
[EventCountry "FRA"]
[SourceTitle "EXT 2016"]
[Source "ChessBase"]
[SourceDate "2015.10.08"]
[SourceVersion "1"]
[SourceVersionDate "2015.10.08"]
[SourceQuality "1"]

1. Nf3 Nf6 2. g3 g6 3. d3 d5 4. Nbd2 c5 5. Bg2 Bg7 6. e4 Nc6 7. 0-0 0-0 8. c3 h6 9. Re1 dxe4 10. dxe4 Be6 11. Qe2 Qc8 12. Nh4 Rd8 13. f4 Bg4 14. Qf1 Qc7 15. e5 Nd5 16. Ne4 c4 17. Qxc4 Be6 18. Qe2 Nb6 19. Qf2 Bd5 20. b3 a5 21. Be3 Nd7 22. Rad1 Bxe4 23. Bxe4 e6 24. Nf3 a4 25. b4 Ne7 26. Bd4 Rac8 27. Rc1 b5 28. Bd3 Nf5 29. Bxb5 1-0

[Event "Sautron op 13th"]
[Site "Sautron"]
[Date "2013.10.28"]
[Round "4"]
[White "Bourgois, Bastien"]
[Black "Navrotescu, Andreea Cristiana"]
[Result "0-1"]
[WhiteElo "2026"]
[BlackElo "2151"]
[PlyCount "112"]
[EventDate "2013.10.26"]
[EventType "swiss"]
[EventRounds "9"]
[EventCountry "FRA"]
[SourceTitle "EXT 2016"]
[Source "ChessBase"]
[SourceDate "2015.10.08"]
[SourceVersion "1"]
[SourceVersionDate "2015.10.08"]
[SourceQuality "1"]

1. d4 f5 2. Bg5 g6 3. Nc3 Bg7 4. h4 h6 5. Bf4 Nf6 6. e3 d6 7. Bc4 e6 8. Qf3 Qe7 9. Nge2 Nc6 10. Bh2 g5 11. Nc1 Bd7 12. Nb3 0-0-0 13. 0-0-0 gxh4 14. d5 exd5 15. Nxd5 Qe4 16. Nxf6 Bxf6 17. Bd5 Qxf3 18. Bxf3 Rhg8 19. Bf4 Ne5 20. Bd5 Rg6 21. Nd4 c6 22. Be6 Rxg2 23. Bxd7+ Kxd7 24. Nxf5 Ke6 25. Nxh4 Rxf2 26. Rdg1 Rh8 27. Kd1 h5 28. Bg3 Bxh4 29. Bxh4 Rf7 30. Ke2 Ng4 31. Rf1 Rhh7 32. Rxf7 Kxf7 33. Kf3 Kg6 34. Bg3 d5 35. Bf4 Kf5 36. Bg3 Nf6 37. Rh4 Ne4 38. Rf4+ Kg6 39. Bh4 Ng5+ 40. Ke2 Ne4 41. c4 Rf7 42. Rxf7 Kxf7 43. cxd5 cxd5 44. Kf3 Nc5 45. Be1 Ke6 46. Bc3 Kf5 47. Bd4 b6 48. b4 Ne6 49. Bc3 Ng5+ 50. Ke2 b5 51. Bd4 a6 52. Kd3 h4 53. Ba7 Ne4 54. Bb8 Ng3 55. Kd4 Kg4 56. Kxd5 h3 0-1

[Event "Rennes op 3th"]
[Site "Rennes"]
[Date "2010.07.17"]
[Round "1"]
[White "Song, Julien"]
[Black "Bourgois, Bastien"]
[Result "1-0"]
[WhiteElo "2347"]
[BlackElo "1964"]
[PlyCount "59"]
[EventDate "2010.07.17"]
[EventType "swiss"]
[EventRounds "9"]
[EventCountry "FRA"]
[SourceTitle "EXT 2011"]
[Source "ChessBase"]
[SourceDate "2010.11.26"]
[SourceVersion "1"]
[SourceVersionDate "2010.11.26"]
[SourceQuality "1"]

1. d4 Nf6 2. c4 g6 3. Nc3 Bg7 4. Nf3 0-0 5. Bg5 d6 6. e3 c6 7. Be2 Nbd7 8. Qc2 a6 9. Nd2 e5 10. 0-0 Qc7 11. Rad1 b5 12. dxe5 dxe5 13. Nde4 b4 14. Na4 Nxe4 15. Qxe4 Nf6 16. Qh4 Nd7 17. Be7 Re8 18. Bxb4 Bf8 19. Bxf8 Nxf8 20. c5 Be6 21. Nb6 Rad8 22. b3 Nd7 23. Nxd7 Rxd7 24. Rxd7 Bxd7 25. Rd1 a5 26. Bc4 Kg7 27. Bxf7 Rf8 28. Bc4 Be8 29. Qd8 Qa7 30. Qd6 1-0

[Event "Avoine op 24th"]
[Site "Avoine"]
[Date "2009.07.20"]
[Round "2"]
[White "Mevel, Alberic"]
[Black "Bourgois, Bastien"]
[Result "1/2-1/2"]
[WhiteElo "2250"]
[BlackElo "1963"]
[PlyCount "81"]
[EventDate "2009.07.18"]
[EventType "swiss"]
[EventRounds "9"]
[EventCountry "FRA"]
[SourceTitle "CBM 131 Extra"]
[Source "ChessBase"]
[SourceDate "2009.09.03"]
[SourceVersion "2"]
[SourceVersionDate "2009.09.16"]
[SourceQuality "1"]

1. e4 c5 2. Nf3 Nc6 3. c3 Nf6 4. e5 Nd5 5. d4 cxd4 6. cxd4 d6 7. Bc4 Nb6 8. Bb3 dxe5 9. d5 Na5 10. Nc3 f6 11. Nh4 Nxb3 12. axb3 g6 13. f4 Bg7 14. fxe5 fxe5 15. 0-0 Bf6 16. Nf3 0-0 17. Bh6 Bg7 18. Bxg7 Kxg7 19. Nxe5 Nd7 20. Nxd7 Rxf1+ 21. Kxf1 Bxd7 22. Qd4+ Kg8 23. Re1 Qc7 24. Kg1 Re8 25. Qxa7 Qd6 26. Qd4 e5 27. Qe3 Bf5 28. h3 Qb4 29. Rd1 Qxb3 30. d6 Bd7 31. Qd2 e4 32. Nd5 e3 33. Qd4 e2 34. Re1 Qg3 35. Qf2 Qxf2+ 36. Kxf2 Re6 37. Rxe2 Rxd6 38. Nc3 Bc6 39. Ke1 Kf7 40. Rf2+ Rf6 41. Rd2 1/2-1/2

[Event "FRA-ch op-B"]
[Site "Pau"]
[Date "2008.08.23"]
[Round "11"]
[White "Chebance, Benoit"]
[Black "Bourgois, Bastien"]
[Result "1-0"]
[WhiteElo "1988"]
[BlackElo "1887"]
[PlyCount "61"]
[EventDate "2008.08.11"]
[EventType "swiss"]
[EventRounds "11"]
[EventCountry "FRA"]
[SourceTitle "CBM 126 Extra"]
[Source "ChessBase"]
[SourceDate "2008.11.05"]
[SourceVersion "1"]
[SourceVersionDate "2008.11.05"]
[SourceQuality "1"]

1. e4 c5 2. Nc3 Nc6 3. g3 g6 4. Bg2 Bg7 5. d3 e6 6. Nge2 Nge7 7. Be3 d6 8. Qd2 Nd4 9. 0-0 0-0 10. Nd1 Rb8 11. c3 Nxe2+ 12. Qxe2 b6 13. f4 f5 14. Nf2 Bb7 15. Rae1 Re8 16. h3 d5 17. Bd2 d4 18. c4 Qc7 19. Qd1 Nc8 20. e5 Bxg2 21. Kxg2 b5 22. b3 bxc4 23. dxc4 a5 24. Kh2 Ne7 25. Nd3 Bf8 26. Rg1 Ra8 27. Qc2 Nc6 28. g4 Kf7 29. gxf5 gxf5 30. Qd1 Ne7 31. Qh5+ 1-0